Normal view
MARC view
- Devilles. Gary C
Entry Personal Name
001 - CONTROL NUMBER
- control field: 131687
003 - CONTROL NUMBER IDENTIFIER
- control field: OSt
005 - DATE AND TIME OF LATEST TRANSACTION
- control field: 20260505170707.0
008 - FIXED-LENGTH DATA ELEMENTS
- fixed length control field: 260505|| aca||aabn | a|a d
040 ## - CATALOGING SOURCE
- Original cataloging agency: OSt
- Transcribing agency: OSt
100 ## - HEADING--PERSONAL NAME
- Personal name: Devilles. Gary C
670 ## - SOURCE DATA FOUND
- Source citation: Work cat.: (OSt)94106: Devilles. Gary C., Art sense :, c2018.









